La Liga Players 500 or More Appearances - Sudden Death - Statistics

General Stats
  • This quiz has been taken 84 times
  • The average score is 3 of 7
Answers on the Grid
Answers color-coded by a green-red scale on the quiz's grid according to % correct below.
Andrés Iniesta
Antoine Griezmann
Aritz Aduriz
Carles Puyol
Dani Alves
Dani Parejo
David Villa
Diego Godín
Diego López
Fernando Hierro
Gabi
Gerard Piqué
Guti
Iñigo Martínez
Ivan Rakitic
Jesús Navas
Jordi Alba
José Antonio Camacho
Juanfran Torres
Karim Benzema
Lionel Messi
Luis Enrique
Luka Modric
Marcelo
Míchel
Paco Gento
Raúl
Raúl Albiol
Sergio Busquets
Sergio Ramos
Víctor Valdés
Xavi
 
Answer Stats
Answer % Correct
Antoine Griezmann
58%
Lionel Messi
58%
Dani Parejo
33%
Sergio Ramos
33%
Xavi
33%
Jesús Navas
23%
Raúl
20%
No matching quizzes found
Score Distribution
Percent of People with Each Score
Percentile by Number Answered
Your Score History
You have not taken this quiz